| 000 | 02120cam a22004454i 4500 | ||
|---|---|---|---|
| 003 | PE-LiUPU | ||
| 005 | 20250731172748.0 | ||
| 008 | 150617s r 000 0 d | ||
| 035 | _a(Sirsi) a12313 | ||
| 040 |
_aPE-LiUPU _bspa _cPE-LiUPU _erda |
||
| 049 | _aPRUA | ||
| 082 | 0 | 4 |
_a242.8 _bM79 _221 |
| 100 | 1 |
_aMoracho, Felix, _eautor. |
|
| 245 | 1 | 0 |
_aIniciación Cristiana y Devocionario Popular / _cFelix Moracho. |
| 264 | 1 |
_aColombia : _bEdiciones Paulinas, _c1986. |
|
| 300 |
_a126 páginas : _bil. ; _c24 cm. |
||
| 336 |
_atext _2rdacontent |
||
| 337 |
_aunmediated _2rdamedia |
||
| 338 |
_avolume _2rdacarrier |
||
| 505 | 0 | _aLa Biblia: Palabra de Dios -- Para conocer al verdadero Dios -- En los comienzos del mundo -- El hombre y su vocación -- El plan de Dios para todos los hombres -- La historia de la salvación -- El pacado de la historia -- El problema del mal -- El nuevo testamento -- La historia de Jesús -- La vida de Jesús -- La buena noticia -- La muerte y resurrección de Jesús -- La Iglesia de Jesús -- La madre de Jesús -- Yo soy hijo de Dios -- Una promesa cumplida -- Nuestro pan de cada día -- Cambiar de corazón y de vida -- El perdón de los pecados -- No, no basta rezar -- El matrimonio cristiano -- Hombres- cristianos-Servidores-Sacerdotes -- Cristo y el hombre enfermo -- El "más allá" -- Dios es amor: Dios es comunidad. | |
| 526 | _aSEG42 | ||
| 526 | _aSEG41 | ||
| 526 | _aSEG40 | ||
| 526 | _aSEG39 | ||
| 526 | _aP94 | ||
| 526 | _aP87 | ||
| 526 | _aP86 | ||
| 526 | _aP85 | ||
| 526 | _aP77 | ||
| 526 | _aP76 | ||
| 526 | _aP35 | ||
| 650 | 0 | 4 |
_aDevocionarios. _91567 |
| 910 |
_ajck _bjvq _cjck _d20150616 |
||
| 942 |
_2ddc _cBOOK |
||
| 949 |
_a242.8 M79 _wDEWEY _c1 _i28709 _lCCODEBUL1 _mBUL _p00.00 _r0 _sY _tBOOK _u2015-04-21 _xTEOLOGIA _PP35 _0COMPRA _o.STAFF. Colección general |
||
| 994 |
_aC0 _bPEPRU |
||
| 596 | _a1 | ||
| 999 |
_a242.8 M79 _wDEWEY _c2558 _i28709 _f2021-11-29 _g5 _lCCODEBUL1 _mBUL _r0 _sY _tBOOK _u2015-4-21 _xTEOLOGIA _PP35 _0COMPRA _o.STAFF. Colección general _d2558 |
||
| 980 |
_81 _gALBERTO SANCHEZ Responsable de Automatización |
||